| 000 | 01149cam a2200313 4500 | ||
|---|---|---|---|
| 008 | 000000n2001 000 0 eng u | ||
| 020 | _a0117535621 | ||
| 035 | _a(Sirsi) u111650 | ||
| 050 | _a711.309422 | ||
| 110 |
_aGovernment Office for the South East _94067 |
||
| 245 | _aRegional planning guidance for the South East (RPG 9) | ||
| 250 | _aRevised ed. | ||
| 260 |
_aLondon _bStationery Office _c2001 |
||
| 300 | _a112p. ; 30cm. | ||
| 350 | _a18.00 | ||
| 490 |
_aRPG _v9 |
||
| 520 | _aSupersedes 1994 edition (ISBN 0117528889). | ||
| 520 | _aView RPG9 at www.go-se.gov.uk. | ||
| 650 | _aRPG9 | ||
| 650 | _aREGIONAL PLANNING GUIDANCE | ||
| 650 | _aREGIONAL PLANNING | ||
| 650 | _aSOUTHEAST ENGLAND | ||
| 690 | _aPLANNING-PLANNING LAW | ||
| 710 |
_aGovernment Office for East of England _94068 |
||
| 710 |
_aGovernment Office for London _92574 |
||
| 710 |
_aUnited Kingdom _bDepartment of the Environment, Transport and the Regions _93507 |
||
| 856 |
_uhttps://www.go-se.gov.uk/key%20business/planning/downloads/final%20rpg9%20report.pdf _zView RPG9 on the Government Office for the South East website (pdf)... |
||
| 942 | _n0 | ||
| 999 |
_c101272 _d101272 |
||